书目信息 |
| 题名: |
2019考研思想政治理论形势与政策热点剖析及命题预测
|
|
| 作者: | 蒋中挺 编著 | |
| 分册: | ||
| 出版信息: | 北京 原子能出版社 2018.09 |
|
| 页数: | 234页 | |
| 开本: | 20cm | |
| 丛书名: | ||
| 单 册: | ||
| 中图分类: | G643 | |
| 科图分类: | ||
| 主题词: | 教育--各级 | |
| 电子资源: | ||
| ISBN: | 978-7-5022-9359-8 | |
| 000 | 00680nam0 2200205 45 | |
| 001 | 2055585493 | |
| 005 | 20200925090852.46 | |
| 010 | @a978-7-5022-9359-8@dRMB 22.80 | |
| 092 | @b22.8 | |
| 100 | @a20200520d2018 km y0chiy0120 ea | |
| 101 | 0 | @achi |
| 102 | @aCN@b110000 | |
| 200 | 1 | @a2019考研思想政治理论形势与政策热点剖析及命题预测@A2019 kao yan si xiang zheng zhi li lun xing shi yu zheng ce re dian pou xi ji ming ti yu ce@f蒋中挺编著@Fjiang zhong ting bian zhu |
| 210 | @a北京@c原子能出版社@d2018.09 | |
| 215 | @a234页@d20cm | |
| 606 | 0 | @a教育@x各级 |
| 690 | @aG643@v4 | |
| 701 | 0 | @a蒋中挺@Ajiang zhong ting@4编著 |
| 801 | 0 | @aCN@bPFT@c20200925 |
| 905 | @a10447@dG643@eJ606 | |
| 2019考研思想政治理论形势与政策热点剖析及命题预测/蒋中挺编著.-北京:原子能出版社,2018.09 |
| 234页;20cm |
| ISBN 978-7-5022-9359-8:RMB 22.80 |
| ● |
| 相关链接 |
|
|
|
正题名:2019考研思想政治理论形势与政策热点剖析及
索取号:G643/J606
 
预约/预借
| 序号 | 登录号 | 条形码 | 馆藏地/架位号 | 状态 | 备注 |
| 1 | 1202903 | 212029035 | 社科库409/409社科库 11排3列1层/ [索取号:G643/J606] | 在馆 | |
| 2 | 1348409 | 213484095 | 社科库409/409社科库 11排3列1层/ [索取号:G643/J606] | 在馆 | |
| 3 | 1348493 | 213484932 | 社科库409/409社科库 11排3列1层/ [索取号:G643/J606] | 在馆 |